Normal view MARC view
  • Safdar Ali Shah, Syed Javad A. Kazi

Entry Personal Name

Number of records used in: 1

001 - CONTROL NUMBER

  • control field: 134425

003 - CONTROL NUMBER IDENTIFIER

  • control field: NUST

005 - DATE AND TIME OF LATEST TRANSACTION

  • control field: 20260512160934.0

008 - FIXED-LENGTH DATA ELEMENTS

  • fixed length control field: 260512|| aca||aabn | a|a d

040 ## - CATALOGING SOURCE

  • Original cataloging agency: NUST
  • Transcribing agency: NUST

100 ## - HEADING--PERSONAL NAME

  • Personal name: Safdar Ali Shah, Syed Javad A. Kazi

670 ## - SOURCE DATA FOUND

  • Source citation: Work cat.: (NUST): Safdar Ali Shah, Syed Javad A. Kazi., The Buddhist Heritage of Pakistan /
© 2023 Central Library, National University of Sciences and Technology. All Rights Reserved.